| 000 | 00557nam a2200217 a 4500 | ||
|---|---|---|---|
| 001 | 51504 | ||
| 003 | BD-RjUL | ||
| 005 | 20211209075654.0 | ||
| 008 | 160831b1964 us a|||| |||| 001 0 eng d | ||
| 035 | _a(BD-RjUL)51624 | ||
| 040 |
_aBD-RjUL _beng _cBD-RjUL _dBD-RjUL |
||
| 041 | _aeng | ||
| 082 |
_223 _a515 _bAYT 1964 |
||
| 100 |
_aAyres _9117246 |
||
| 245 |
_aTheory and Problem Calculas / _cAyres |
||
| 260 |
_aNew York : _bMcGraw Hill, _c1964. |
||
| 300 |
_a344 p. : _bill ; _c28 cm. |
||
| 500 | _aindex | ||
| 650 |
_aCalculas _9132935 |
||
| 942 |
_2ddc _cBK |
||
| 999 |
_c51504 _d51504 |
||